[Event "SV Bochum-Linden 1 - SV Rot-Weiß-Altene"]
[Site "Verbandsliga - Gruppe 1 2018/"]
[Date "2018.10.07"]
[Round "2.7"]
[White "Metzner, Carsten"]
[Black "Artz, Klaus"]
[Result "1/2-1/2"]
[WhiteElo "1831"]
[BlackElo "1854"]
[PlyCount "47"]
[EventDate "2018.??.??"]

1. d4 d5 2. Nf3 e6 3. Bf4 Bd6 4. Bxd6 cxd6 5. e3 Bd7 6. c4 dxc4 7. Bxc4 b5 8.
Bb3 Nf6 9. O-O a5 10. a3 Bc6 11. Nbd2 O-O 12. Rc1 Qb6 13. Re1 Qb7 14. Bc2 Nbd7
15. e4 Qb8 16. e5 Bxf3 17. Nxf3 dxe5 18. dxe5 Nd5 19. Bxh7+ Kxh7 20. Ng5+ Kg6
21. Qg4 N7f6 22. Qg3 Nh5 23. Qg4 Nhf6 24. Qg3 1/2-1/2

[Event "SV Bochum-Linden 1 - SV Rot-Weiß-Altene"]
[Site "Verbandsliga - Gruppe 1 2018/"]
[Date "2018.10.07"]
[Round "2.8"]
[White "Pappert, Thomas"]
[Black "Neugebauer, Thomas"]
[Result "1/2-1/2"]
[WhiteElo "1766"]
[BlackElo "1842"]
[Annotator "Daniel"]
[PlyCount "103"]
[EventDate "2018.??.??"]

1. c4 Nf6 2. Nc3 g6 3. e4 d6 4. d3 Bg7 5. f4 c5 6. Nf3 Nc6 7. Be2 Nd4 8. O-O
Nxe2+ 9. Qxe2 O-O 10. Rb1 a6 11. Kh1 Bd7 12. Be3 b5 13. Nd5 Ng4 14. Bg1 e6 15.
Ne3 Nh6 16. g4 f5 17. g5 Nf7 18. b3 Bc6 19. Nc2 Qd7 20. h4 Qb7 21. Nd2 Rfe8 22.
d4 Rad8 23. Kh2 fxe4 24. dxc5 d5 25. Nb4 h6 26. Rfe1 hxg5 27. hxg5 Qc7 28. Qg4
dxc4 29. Nxe4 Bxe4 30. Rxe4 Rd2+ 31. Kg3 Qd7 32. Be3 Rd3 33. Re1 Rc3 34. Rd1
Qc8 35. bxc4 Qxc5 36. Nd3 Qc6 37. Qf3 bxc4 38. Nc5 Rc2 39. Rd7 c3 40. Qd1 Rxa2
41. Bd4 $11 Rd2 42. Qg1 Bxd4 43. Rexd4 Qxc5 44. Rxf7 Rxd4 45. Qh1 Rd3+ 46. Kg4
Qf5+ 47. Rxf5 exf5+ 48. Kh4 Ree3 49. Qa8+ Kf7 50. Qb7+ Ke8 51. Qc8+ Kf7 52.
Qe8+ 1/2-1/2

[Event "SV Erkenschwick 2 - SK Holsterhausen 1"]
[Site "Verbandsliga - Gruppe 1 2018/"]
[Date "2018.10.07"]
[Round "2.1"]
[White "Dergatschova, Anna"]
[Black "Trzaska, Peter"]
[Result "1-0"]
[WhiteElo "2150"]
[BlackElo "2070"]
[Annotator "Daniel"]
[PlyCount "145"]
[EventDate "2018.??.??"]

1. d4 c5 2. d5 e5 3. dxe6 fxe6 4. e4 Nc6 5. Nf3 d6 6. Bb5 Nf6 7. Bxc6+ bxc6 8.
e5 Nd5 9. O-O Be7 10. c4 Nb6 11. exd6 Bxd6 12. Bg5 Qc7 13. Nbd2 O-O 14. b3 h6
15. Be3 e5 16. Ne4 Be7 17. Nfd2 Bf5 18. Bxc5 Bxc5 19. Nxc5 Rad8 20. Qe2 Nd7 21.
Nce4 Rf7 22. Rfe1 Nf8 23. Ng3 Bg6 24. Nf3 e4 25. Nxe4 Re8 26. Nfd2 Rfe7 27. f3
Ne6 28. Qf2 Nf4 29. Re3 Qe5 30. Rae1 Qd4 31. Qf1 Bf5 32. Kh1 Kh8 33. b4 Qb2 34.
a3 a5 35. bxa5 Re6 36. c5 Nd5 $11 37. Rd3 Qb5 38. Rb1 Qxa5 39. Rdb3 Nf6 40. Nc4
Qd8 41. Ncd6 Bg6 42. Nxe8 Rxe8 43. Nd6 Rf8 44. Re1 Qa5 45. Rc1 Qd2 46. Qe1 Qg5
47. Rb4 Nd5 48. Rg4 Qf6 49. Qd2 Bh5 50. Rgc4 Nf4 51. Rxf4 Qxf4 52. Qxf4 Rxf4
53. Ne4 Rf8 54. Kg1 Rc8 55. Rc3 Bf7 56. Kf2 Bd5 57. Ke3 Rb8 58. Nd2 Rb2 59. g4
g5 60. h3 Kg7 61. Ne4 Bxe4 62. Kxe4 Kf6 63. f4 gxf4 64. Kxf4 Rf2+ 65. Rf3 Rc2
66. Ke4+ Ke6 67. Kd4 Rd2+ 68. Rd3 Rc2 69. Re3+ Kf6 70. Rf3+ Kg6 71. Rc3 Re2 72.
Kc4 Re4+ 73. Kb3 1-0

[Event "SV Erkenschwick 2 - SK Holsterhausen 1"]
[Site "Verbandsliga - Gruppe 1 2018/"]
[Date "2018.10.07"]
[Round "2.2"]
[White "Jungbluth, Rolf"]
[Black "Walbaum, Klaus"]
[Result "1-0"]
[WhiteElo "1954"]
[BlackElo "2089"]
[PlyCount "73"]
[EventDate "2018.??.??"]

1. c4 e6 2. d4 Nf6 3. Nc3 Bb4 4. Nf3 b6 5. Bg5 Bb7 6. e3 h6 7. Bh4 O-O 8. Qc2
d5 9. Be2 Nbd7 10. O-O Be7 11. Rad1 Re8 12. Ne5 Nf8 13. f4 N6d7 14. Bf2 f6 15.
Nf3 Bb4 16. f5 Bxc3 17. bxc3 c6 18. fxe6 Nxe6 19. Bd3 Ndf8 20. Rde1 Rc8 21. Nd2
Rc7 22. Bg3 Rce7 23. e4 dxe4 24. Nxe4 Ng5 25. Nxg5 hxg5 26. Qf2 Rxe1 27. Rxe1
Rxe1+ 28. Qxe1 Bc8 29. Qe4 Qd7 30. d5 cxd5 31. cxd5 b5 32. c4 bxc4 33. Bxc4 Kf7
34. h3 f5 35. Qe5 Ng6 36. d6+ Kf8 37. Qd5 1-0

[Event "SV Erkenschwick 2 - SK Holsterhausen 1"]
[Site "Verbandsliga - Gruppe 1 2018/"]
[Date "2018.10.07"]
[Round "2.3"]
[White "Schwalen, Peter"]
[Black "Broszeit, Peter"]
[Result "1-0"]
[WhiteElo "2076"]
[BlackElo "1906"]
[PlyCount "69"]
[EventDate "2018.??.??"]

1. e4 e6 2. d3 d5 3. Nd2 c5 4. Ngf3 Nc6 5. g3 Nf6 6. Bg2 Be7 7. O-O O-O 8. Re1
b5 9. e5 Nd7 10. Nf1 Qb6 11. Bf4 Bb7 12. h4 d4 13. N1d2 Nb4 14. a3 Nd5 15. Bg5
h6 16. Bxe7 Nxe7 17. Qe2 Rac8 18. h5 Bd5 19. a4 a6 20. axb5 axb5 21. Nh2 Bxg2
22. Kxg2 c4 23. Ndf3 Nc6 24. Ng4 Nb4 25. Qd2 Nd5 26. Nxh6+ gxh6 27. Qxh6 f6 28.
Qg6+ Kh8 29. Re4 Nxe5 30. Nxe5 f5 31. Qh6+ Kg8 32. Qg6+ Kh8 33. Nf7+ Rxf7 34.
Qxf7 fxe4 35. Ra7 1-0

[Event "SV Erkenschwick 2 - SK Holsterhausen 1"]
[Site "Verbandsliga - Gruppe 1 2018/"]
[Date "2018.10.07"]
[Round "2.4"]
[White "Schulze Bisping, Franz-Adolf"]
[Black "Bobzin, Pierre"]
[Result "0-1"]
[WhiteElo "1915"]
[BlackElo "2058"]
[PlyCount "70"]
[EventDate "2018.??.??"]

1. d4 Nf6 2. c4 d6 3. Nc3 Nbd7 4. e4 e5 5. Nf3 g6 6. h3 Bg7 7. Bg5 h6 8. Be3
O-O 9. Qd2 Kh7 10. O-O-O Qe7 11. dxe5 dxe5 12. Bd3 c6 13. Bc2 Ne8 14. g4 Nc5
15. Rdg1 a5 16. h4 Be6 17. Qe2 Nc7 18. h5 g5 19. Nd2 Rfb8 20. Nd5 cxd5 21.
exd5+ Kg8 22. dxe6 N7xe6 23. Bxc5 Qxc5 24. Ne4 Qe7 25. Nc3 Rd8 26. Be4 Rac8 27.
Kb1 Nf4 28. Qf1 Rd2 29. Rg3 Qc5 30. Re3 Qxc4 31. Qxc4 Rxc4 32. f3 Bf8 33. Kc1
Rg2 34. Rd1 b5 35. a3 b4 0-1

[Event "SV Erkenschwick 2 - SK Holsterhausen 1"]
[Site "Verbandsliga - Gruppe 1 2018/"]
[Date "2018.10.07"]
[Round "2.5"]
[White "Sicars, Thorsten"]
[Black "Schawacht, Max"]
[Result "1/2-1/2"]
[WhiteElo "1945"]
[BlackElo "1869"]
[Annotator "Daniel"]
[PlyCount "181"]
[EventDate "2018.??.??"]

1. d4 Nf6 2. Bf4 d5 3. e3 e6 4. Nd2 Be7 5. Ngf3 c5 6. c3 O-O 7. Ne5 Qb6 8. Rb1
Nc6 9. Bd3 cxd4 10. exd4 h6 11. h4 Rd8 12. Qf3 Nxe5 13. dxe5 Nd7 14. Qh5 Bf8
15. Rh3 Nc5 16. Bc2 d4 17. cxd4 Rxd4 18. Be3 Qd8 19. Nf3 Nd3+ 20. Kf1 Nf4 21.
Bxf4 Rxf4 22. Rg3 Kh8 23. Rd1 Qc7 24. Bd3 Bd7 25. Ng5 Be8 26. Nh3 Rb4 27. Qe2
Rxh4 28. Bb1 Rd8 29. Rc3 Rxd1+ 30. Qxd1 Bc6 31. Qe2 $11 Rd4 32. Kg1 Qd7 33. Bd3
Bb4 34. Rc4 Qd5 35. f3 Bc5 36. Kh2 Rxd3 37. Rxc5 Qxc5 38. Qxd3 Qxe5+ 39. Kh1
Qxb2 40. a3 Qa1+ 41. Kh2 Qe5+ 42. Kh1 Qd5 43. Qe3 a6 44. Nf4 Qd1+ 45. Kh2 Qd6
46. Kh1 e5 47. Ne2 f6 48. Ng3 Qd4 49. Qe1 Qa4 50. Nf5 Bd7 51. Ne7 Qxa3 52. Ng6+
Kg8 53. Qd1 Kf7 54. Qxd7+ Kxg6 55. Qxb7 Qc1+ 56. Kh2 Qc4 57. Qa8 Qb5 58. g4 a5
59. Kg3 a4 60. Qe4+ Kf7 61. Qc2 Qd7 62. Qc4+ Kf8 63. Qb4+ Ke8 64. Qc4 Kf8 65.
Qb4+ Kg8 66. Qb8+ Kh7 67. Qa8 g6 68. Qa5 Kg7 69. Qc5 Kf7 70. Qc4+ Kf8 71. Qb4+
Kg7 72. Qc5 Qb7 73. Qa5 e4 74. Qxa4 e3 75. Qe8 Qc7+ 76. f4 g5 77. Qxe3 gxf4+
78. Qxf4 Qxf4+ 79. Kxf4 Kg6 80. Kf3 h5 81. gxh5+ Kxh5 82. Kf4 Kg6 83. Kg4 f5+
84. Kf4 Kf6 85. Kf3 Ke5 86. Ke3 f4+ 87. Kf3 Kf5 88. Kf2 Ke4 89. Ke2 f3+ 90. Kf2
Kf4 91. Kf1 1/2-1/2

[Event "SV Erkenschwick 2 - SK Holsterhausen 1"]
[Site "Verbandsliga - Gruppe 1 2018/"]
[Date "2018.10.07"]
[Round "2.6"]
[White "Broksch, Dirk"]
[Black "Warmbier, Robert"]
[Result "1/2-1/2"]
[WhiteElo "1847"]
[BlackElo "1893"]
[PlyCount "110"]
[EventDate "2018.??.??"]

1. d4 Nf6 2. Nf3 e6 3. g3 c5 4. Bg2 d5 5. O-O Nc6 6. b3 cxd4 7. Nxd4 Bc5 8. Bb2
Qb6 9. e3 O-O 10. Nxc6 bxc6 11. Nd2 Ba6 12. Re1 Rad8 13. Nf3 Bb4 14. c3 Be7 15.
Qc2 Ne4 16. Nd2 f5 17. Rac1 Bf6 18. Bf1 Nc5 19. Ba3 Bxf1 20. Rxf1 Rf7 21. Bxc5
Qxc5 22. b4 Qb6 23. Nb3 g6 24. Nc5 Re7 25. Rfd1 e5 26. a3 h5 27. h4 Kh7 28. Kg2
Qc7 29. c4 d4 30. exd4 exd4 31. Nd3 Re4 32. Re1 Rde8 33. f3 Re3 34. Qd2 Qe7 35.
Rxe3 dxe3 36. Qe2 Rd8 37. Rd1 Qe6 38. Nf4 Rxd1 39. Nxe6 Rd2 40. Kf1 Rxe2 41.
Kxe2 Bb2 42. a4 Ba3 43. b5 cxb5 44. axb5 Bd6 45. f4 Kg8 46. Kxe3 Kf7 47. Ng5+
Ke7 48. Kd4 Bb4 49. Nf3 Kd6 50. Nh2 Bc5+ 51. Kd3 Bf2 52. Nf1 Kc5 53. Kc3 Be1+
54. Kd3 Bf2 55. Kc3 Be1+ 1/2-1/2

[Event "SV Erkenschwick 2 - SK Holsterhausen 1"]
[Site "Verbandsliga - Gruppe 1 2018/"]
[Date "2018.10.07"]
[Round "2.7"]
[White "Krieglstein, Marcel"]
[Black "Al Marawi, Abdulhadi"]
[Result "1-0"]
[WhiteElo "1835"]
[BlackElo "1864"]
[PlyCount "79"]
[EventDate "2018.??.??"]

1. d4 d5 2. c4 dxc4 3. Nc3 g6 4. e4 Bg7 5. Be3 Nc6 6. d5 Ne5 7. f4 Nd3+ 8. Bxd3
cxd3 9. Qxd3 c6 10. Nf3 Nf6 11. Rd1 cxd5 12. exd5 O-O 13. O-O Bf5 14. Qb5 b6
15. Bd4 Rc8 16. Ne5 Qc7 17. Qb4 Rfe8 18. Nc6 Ng4 19. Bxg7 Kxg7 20. Rfe1 e5 21.
Nb5 Qd7 22. Nxe5 Nxe5 23. fxe5 Rc5 24. Nd6 Rd8 25. Qd4 Kg8 26. Rf1 Rf8 27. Nxf5
gxf5 28. Rf3 Rd8 29. Rg3+ Kf8 30. e6 Qc8 31. Qg7+ Ke7 32. Qxf7+ Kd6 33. Qxf5
Rf8 34. Qe4 Rc2 35. Re3 Rff2 36. Qe5+ Ke7 37. d6+ Ke8 38. d7+ Kd8 39. dxc8=Q+
Kxc8 40. Rc3+ 1-0

[Event "SV Erkenschwick 2 - SK Holsterhausen 1"]
[Site "Verbandsliga - Gruppe 1 2018/"]
[Date "2018.10.07"]
[Round "2.8"]
[White "Schroeter, Marco"]
[Black "Westendorp, Christian"]
[Result "1/2-1/2"]
[WhiteElo "1780"]
[BlackElo "1745"]
[PlyCount "104"]
[EventDate "2018.??.??"]

1. d4 Nf6 2. Bf4 g6 3. e3 Bg7 4. Bd3 O-O 5. c3 d6 6. Nd2 c5 7. Ngf3 Nbd7 8. O-O
Nh5 9. Bg5 f5 10. Nh4 Bf6 11. Bc4+ Kh8 12. Ndf3 e5 13. Bxf6+ Qxf6 14. dxe5 dxe5
15. g3 Nb6 16. Be2 f4 17. Qc2 g5 18. Nd2 gxh4 19. Bxh5 Qg5 20. Qd1 Bh3 21. Ne4
Qf5 22. Nd6 Qf6 23. Ne4 Qh6 24. Re1 hxg3 25. fxg3 Qc6 26. exf4 exf4 27. Qd6
Qxd6 28. Nxd6 f3 29. Kf2 Bg2 30. Re5 Nd7 31. Re7 Nf6 32. Bxf3 Bxf3 33. Nf7+ Kg8
34. Nh6+ Kh8 35. Nf7+ Rxf7 36. Rxf7 Ne4+ 37. Ke3 Ng5 38. Rxf3 Nxf3 39. Kxf3 Rd8
40. Re1 Rf8+ 41. Kg2 Rd8 42. Re2 Kg8 43. g4 Kf7 44. h4 Rd3 45. Rf2+ Kg7 46. Rc2
b5 47. Re2 Kf7 48. a3 a5 49. h5 b4 50. cxb4 cxb4 51. axb4 axb4 52. Kf2 Kf6
1/2-1/2

[Event "SV Ahlen 1 - SK Sodingen/Castrop 2"]
[Site "Verbandsliga - Gruppe 1 2018/"]
[Date "2018.10.07"]
[Round "2.1"]
[White "Ribbeheger, Edgar"]
[Black "Steinle, Carsten"]
[Result "1-0"]
[WhiteElo "2005"]
[BlackElo "2119"]
[PlyCount "65"]
[EventDate "2018.??.??"]

1. c4 Nf6 2. Nc3 e5 3. g3 Nc6 4. Bg2 g6 5. Nf3 Bg7 6. O-O O-O 7. d3 d6 8. Bg5
h6 9. Bxf6 Bxf6 10. Nd5 Bg7 11. Rb1 Ne7 12. Nxe7+ Qxe7 13. Nd2 f5 14. b4 c6 15.
b5 c5 16. Rb3 Be6 17. Nb1 e4 18. Nc3 Qf7 19. Nd5 Bxd5 20. cxd5 exd3 21. Qxd3
Rac8 22. Qc4 b6 23. Re3 Be5 24. Kh1 f4 25. Rf3 Qe7 26. gxf4 Qh4 27. e3 Bg7 28.
Rg3 g5 29. Bh3 gxf4 30. Bxc8 Rxc8 31. Rfg1 Rc7 32. exf4 Re7 33. Qc3 1-0

[Event "SV Ahlen 1 - SK Sodingen/Castrop 2"]
[Site "Verbandsliga - Gruppe 1 2018/"]
[Date "2018.10.07"]
[Round "2.2"]
[White "Torres-Kuckel, Rafael"]
[Black "Haberhausen, Ansgar"]
[Result "1/2-1/2"]
[WhiteElo "2118"]
[BlackElo "2002"]
[Annotator "Daniel"]
[PlyCount "159"]
[EventDate "2018.??.??"]

1. b3 Nf6 2. Bb2 d5 3. f4 c5 4. e3 Nc6 5. Bb5 Bg4 6. Bxc6+ bxc6 7. Nf3 e6 8.
O-O Be7 9. d3 Qb6 10. c4 O-O 11. Nc3 Rfd8 12. Na4 Qc7 13. h3 Bxf3 14. Qxf3 Nd7
15. cxd5 cxd5 16. Rac1 Rac8 17. Rc2 Qa5 18. f5 exf5 19. Qxf5 Bf6 20. Bxf6 Nxf6
21. Rfc1 Re8 22. Nxc5 Rc7 23. Qf2 Rce7 24. Re2 h6 25. d4 Qb5 26. Rcc2 Ne4 27.
Nxe4 Rxe4 28. Qe1 Qd3 29. Qd2 Qxd2 30. Rcxd2 Rxe3 $11 31. Rxe3 Rxe3 32. Rc2 Re7
33. Rc8+ Kh7 34. Rc5 Rd7 35. Rc6 f6 36. Kf2 Kg6 37. Kf3 Kg5 38. b4 h5 39. a4
Kf5 40. b5 g5 41. g4+ hxg4+ 42. hxg4+ Kg6 43. a5 Kf7 44. a6 Kg6 45. Rc8 Rh7 46.
Rb8 Rh3+ 47. Kg2 Ra3 48. Rg8+ Kh6 49. Rd8 Rb3 50. Rxd5 Kg6 51. Kf2 Kf7 52. Rd7+
Ke6 53. Rxa7 Rxb5 54. Rb7 Ra5 55. a7 f5 56. gxf5+ Rxf5+ 57. Ke3 Ra5 58. Kf3 Ra1
59. Ke4 Re1+ 60. Kd3 Ra1 61. Kc4 Kd6 62. Rg7 Kc6 63. Rxg5 Ra4+ 64. Kd3 Rxa7 65.
Ke4 Ra1 66. Rg6+ Kd7 67. Ke5 Re1+ 68. Kd5 Rh1 69. Rg7+ Kd8 70. Kc5 Rh6 71. d5
Rf6 72. Rh7 Rg6 73. Ra7 Kc8 74. Re7 Kd8 75. Re6 Rxe6 76. dxe6 Ke7 77. Kd5 Ke8
78. Kd6 Kd8 79. e7+ Ke8 80. Ke6 1/2-1/2

[Event "SV Ahlen 1 - SK Sodingen/Castrop 2"]
[Site "Verbandsliga - Gruppe 1 2018/"]
[Date "2018.10.07"]
[Round "2.3"]
[White "Foerster, Wolfgang"]
[Black "Volesky, Alexander"]
[Result "1-0"]
[WhiteElo "1953"]
[BlackElo "2048"]
[PlyCount "75"]
[EventDate "2018.??.??"]

1. e4 c5 2. Nc3 e6 3. g3 Nc6 4. Bg2 Nf6 5. d3 Be7 6. f4 d6 7. Nf3 Qb6 8. h3 h5
9. Rb1 Bd7 10. a3 Nd4 11. Be3 Bc6 12. Bxd4 cxd4 13. Ne2 e5 14. O-O Nd7 15. Kh2
Qc7 16. c4 dxc3 17. Nxc3 h4 18. Nxh4 Bxh4 19. gxh4 Rxh4 20. d4 exd4 21. Qxd4
Nf6 22. Rbd1 Rh6 23. b4 Qb6 24. Kg1 Nh5 25. b5 Bd7 26. Nd5 Qxd4+ 27. Rxd4 Rc8
28. a4 Ng3 29. Rf2 Rc1+ 30. Kh2 Nh5 31. f5 Nf6 32. Nxf6+ Rxf6 33. Rfd2 Ra1 34.
e5 Rxf5 35. exd6 a6 36. bxa6 bxa6 37. Rb4 Bxa4 38. Rxa4 1-0

[Event "SV Ahlen 1 - SK Sodingen/Castrop 2"]
[Site "Verbandsliga - Gruppe 1 2018/"]
[Date "2018.10.07"]
[Round "2.4"]
[White "Volesky, Karl-Heinz"]
[Black "Schriewer, Thomas"]
[Result "1/2-1/2"]
[WhiteElo "2029"]
[BlackElo "1907"]
[PlyCount "43"]
[EventDate "2018.??.??"]

1. e4 c5 2. Nf3 e6 3. d4 cxd4 4. Nxd4 Nc6 5. Nc3 Qc7 6. a3 a6 7. Be3 b6 8. Nxc6
dxc6 9. g3 Nf6 10. Bg2 Be7 11. O-O O-O 12. f4 Nd7 13. Qf3 Bb7 14. Qf2 f5 15. e5
c5 16. Rfd1 Rfd8 17. Rd2 Nf8 18. Rad1 Rxd2 19. Rxd2 Rd8 20. Rxd8 Bxd8 21. Bxb7
Qxb7 22. Qg2 1/2-1/2

[Event "SV Ahlen 1 - SK Sodingen/Castrop 2"]
[Site "Verbandsliga - Gruppe 1 2018/"]
[Date "2018.10.07"]
[Round "2.5"]
[White "Evertz, Dieter"]
[Black "Woestmann, Ulrich"]
[Result "0-1"]
[WhiteElo "1925"]
[BlackElo "1970"]
[Annotator "Daniel"]
[PlyCount "82"]
[EventDate "2018.??.??"]

1. e4 c5 2. f4 d5 3. exd5 Qxd5 4. Nc3 Qd8 5. Nf3 Nc6 6. Ne5 Nxe5 7. fxe5 a6 8.
Qf3 e6 9. Bd3 Be7 10. O-O Nh6 11. Be4 O-O 12. Bxb7 Bxb7 13. Qxb7 Qd4+ 14. Kh1
Bg5 15. Qe4 Ng4 16. Qxd4 cxd4 17. Ne4 Be7 18. d3 Nxe5 19. Bf4 Ng6 20. Bd6 Rac8
21. Rf2 Rc6 22. Bxe7 Nxe7 23. c4 dxc3 24. Nxc3 Rd8 25. Raf1 f6 26. Rf3 Rcd6 27.
Rd1 Rd4 28. g3 Nc6 29. Ne2 R4d6 30. Nc1 $11 Nd4 31. Rf2 e5 32. Kg2 g6 33. g4
Kg7 34. h3 Ne6 35. Rdf1 Nf4+ 36. Kh2 g5 37. a3 h5 38. gxh5 Rh8 39. Rf3 Rxh5 40.
Rg1 Rc6 41. Kg3 Rxc1 0-1

[Event "SV Ahlen 1 - SK Sodingen/Castrop 2"]
[Site "Verbandsliga - Gruppe 1 2018/"]
[Date "2018.10.07"]
[Round "2.6"]
[White "Busche, Klaus"]
[Black "Hessel, Malte"]
[Result "0-1"]
[WhiteElo "1916"]
[BlackElo "1888"]
[PlyCount "118"]
[EventDate "2018.??.??"]

1. d4 Nf6 2. Nf3 e6 3. e3 Be7 4. Bd3 d5 5. O-O Nbd7 6. b3 b6 7. Bb2 Bb7 8. Nbd2
O-O 9. c4 dxc4 10. bxc4 c5 11. Qc2 h6 12. Rad1 Qc7 13. Rfe1 Rfd8 14. Qb1 Rac8
15. d5 exd5 16. Qa1 Ne8 17. cxd5 Bxd5 18. e4 Be6 19. Ba6 Ra8 20. a4 Bf6 21. e5
Be7 22. Rc1 Nf8 23. Bc3 Bd5 24. Re3 Ne6 25. h4 Rd7 26. Bb5 Bc6 27. Bc4 Bd5 28.
Bb5 Bc6 29. Bc4 Rad8 30. Ne4 Qb7 31. Nd6 Bxd6 32. exd6 Rxd6 33. Be5 R6d7 34.
Rce1 a6 35. Bb2 Bd5 36. Ne5 Bxc4 37. Nxc4 Rd3 38. R3e2 b5 39. axb5 axb5 40. Na5
Qd7 41. Qb1 Rd1 42. Qf5 Rxe1+ 43. Rxe1 Qd2 44. Rxe6 fxe6 45. Qxe6+ Kh8 46. Nb7
Rb8 47. Be5 Rxb7 48. Qxe8+ Kh7 49. h5 Qd7 50. Qg6+ Kg8 51. f4 Qf7 52. Qc6 c4
53. Qc8+ Kh7 54. Qg4 b4 55. f5 Rb5 56. Qg3 c3 57. f6 Rd5 58. fxg7 Rd1+ 59. Kh2
Qxh5+ 0-1

[Event "SV Ahlen 1 - SK Sodingen/Castrop 2"]
[Site "Verbandsliga - Gruppe 1 2018/"]
[Date "2018.10.07"]
[Round "2.7"]
[White "Zwielich, Frank"]
[Black "Starp, Klaus"]
[Result "1-0"]
[WhiteElo "1920"]
[BlackElo "1904"]
[PlyCount "153"]
[EventDate "2018.??.??"]

1. d4 Nf6 2. g3 g6 3. Bg2 Bg7 4. e4 d6 5. Ne2 O-O 6. O-O e5 7. c4 Nbd7 8. Nbc3
c6 9. h3 Re8 10. Re1 a5 11. Be3 exd4 12. Nxd4 Nc5 13. Qc2 Qe7 14. f3 h6 15.
Rad1 Kh7 16. Bf2 Bd7 17. f4 Rad8 18. g4 Ne6 19. Nf5 gxf5 20. exf5 Kh8 21. fxe6
fxe6 22. g5 hxg5 23. fxg5 Nh7 24. h4 e5 25. Bb6 Rc8 26. Qg6 Qe6 27. Rxd6 Qxg6
28. Rxg6 Bf5 29. Rd6 Bf8 30. Rd2 Ra8 31. c5 Ra6 32. Rde2 Rxb6 33. cxb6 Bc5+ 34.
Kh1 Bxb6 35. Rxe5 Rf8 36. Rf1 Bd3 37. Rxf8+ Nxf8 38. Re7 Ba6 39. Be4 Bc5 40.
Re8 Kg7 41. Kg2 Kf7 42. Ra8 Ng6 43. Kg3 Bd6+ 44. Kg4 Ne5+ 45. Kh5 Kg7 46. Rd8
Be7 47. Rd2 Bc4 48. Rf2 b5 49. b3 Be6 50. Rg2 Bh3 51. Rg3 Be6 52. Ne2 Bd6 53.
Nd4 Bd7 54. Nf5+ Bxf5 55. Bxf5 c5 56. Re3 c4 57. bxc4 bxc4 58. Be6 a4 59. Rxe5
Bxe5 60. Bxc4 a3 61. Kg4 Bc3 62. h5 Bd4 63. Kf5 Kh7 64. Bd3 Be3 65. Kf6+ Kg8
66. h6 Bd2 67. Kg6 Kh8 68. Kh5 Bc3 69. g6 Bd4 70. g7+ Bxg7 71. hxg7+ Kxg7 72.
Kg5 Kf7 73. Kf5 Ke7 74. Ke5 Kd7 75. Kd5 Kc7 76. Kc5 Kb7 77. Kb4 1-0

[Event "SV Ahlen 1 - SK Sodingen/Castrop 2"]
[Site "Verbandsliga - Gruppe 1 2018/"]
[Date "2018.10.07"]
[Round "2.8"]
[White "Nattermueller, Irina"]
[Black "Schaefer, Michael"]
[Result "1-0"]
[WhiteElo "1964"]
[BlackElo "1683"]
[PlyCount "87"]
[EventDate "2018.??.??"]

1. e4 e5 2. Nf3 Nc6 3. Bb5 a6 4. Ba4 Nf6 5. d4 Nxd4 6. Nxd4 exd4 7. e5 Qe7 8.
O-O Ng8 9. Qxd4 Qb4 10. c3 Qxd4 11. cxd4 b5 12. Bb3 Bb7 13. Nc3 Ne7 14. Bf4 b4
15. Ne2 Nd5 16. Bd2 c5 17. Rac1 cxd4 18. Nxd4 g6 19. Rfd1 Nb6 20. Rc7 Bd5 21.
Rdc1 Bxb3 22. Nxb3 Be7 23. Rb7 Nd5 24. Bh6 Bd8 25. Rd1 Ne7 26. Bg7 Rg8 27. Bf6
d5 28. exd6 Nf5 29. Be5 f6 30. Bf4 Rg7 31. Rxb4 g5 32. Bc1 Rd7 33. Nc5 Rxd6 34.
Re1+ Kf7 35. Rb7+ Kg6 36. Kf1 Rc8 37. b4 Nd4 38. Re8 Nc2 39. Be3 Nxe3+ 40. fxe3
Rcc6 41. g4 Bb6 42. Ree7 f5 43. Rg7+ Kf6 44. Rbf7+ 1-0

[Event "SV Bottrop 1 - SV Königsspringer Hamm "]
[Site "Verbandsliga - Gruppe 1 2018/"]
[Date "2018.10.07"]
[Round "2.1"]
[White "Frombach, Ralf"]
[Black "Stadtmann, Jens"]
[Result "1-0"]
[WhiteElo "2177"]
[BlackElo "2132"]
[PlyCount "65"]
[EventDate "2018.??.??"]

1. c4 c5 2. Nc3 Nf6 3. g3 d5 4. cxd5 Nxd5 5. Bg2 Nc7 6. Qb3 Nd7 7. Nf3 e6 8.
O-O Be7 9. Rd1 Nb6 10. d4 c4 11. Qc2 O-O 12. e4 Bd7 13. a4 a5 14. d5 exd5 15.
exd5 Na6 16. Ne5 Bd6 17. Nxd7 Qxd7 18. Ne4 Nb4 19. Qb1 Nd3 20. b3 Nxc1 21. Rxc1
cxb3 22. Qxb3 Bb4 23. Nc5 Qe7 24. Nd3 Rfc8 25. Nxb4 Rxc1+ 26. Rxc1 axb4 27. Qd3
Qd6 28. Qb5 Nxa4 29. Qxb7 Rb8 30. Qc6 Qxc6 31. dxc6 Nc3 32. c7 Rc8 33. Ra1 1-0

[Event "SV Bottrop 1 - SV Königsspringer Hamm "]
[Site "Verbandsliga - Gruppe 1 2018/"]
[Date "2018.10.07"]
[Round "2.2"]
[White "Mohrholz, Uwe"]
[Black "Happel, Heiner"]
[Result "1/2-1/2"]
[WhiteElo "1977"]
[BlackElo "2168"]
[PlyCount "145"]
[EventDate "2018.??.??"]

1. d4 Nf6 2. g3 e6 3. Bg2 c5 4. Nf3 Nc6 5. O-O d5 6. c3 Be7 7. Nbd2 O-O 8. e3
b6 9. Re1 Bb7 10. b3 Rc8 11. Bb2 Qc7 12. Rc1 Rfd8 13. Qc2 Qb8 14. Qb1 Ba6 15.
c4 cxd4 16. exd4 dxc4 17. Nxc4 Bb7 18. a3 b5 19. Nce5 Nxe5 20. Rxe5 Bd5 21. Re3
Qb7 22. Ne1 Bxg2 23. Nxg2 Nd5 24. Re2 g6 25. Rec2 Bg5 26. Rxc8 Rxc8 27. Rc5 Be7
28. Rc2 a6 29. Qc1 Rxc2 30. Qxc2 Bf6 31. Ne3 h5 32. Qe4 Kg7 33. Nxd5 exd5 34.
Qf3 Qc6 35. Qc3 Qe6 36. Qe3 Qf5 37. Bc1 Qc2 38. Qh6+ Kg8 39. Qf4 Qd1+ 40. Kg2
Qxd4 41. Qxd4 Bxd4 42. Kf3 f6 43. Ke2 Kf7 44. f3 Ke6 45. h3 f5 46. a4 bxa4 47.
bxa4 Be5 48. g4 Kd6 49. Kd3 Kc5 50. Ba3+ Kc6 51. gxf5 gxf5 52. Ke3 Kd7 53. Bb4
Ke6 54. Ba5 Bb2 55. Kd3 f4 56. Bb6 Kd6 57. Ba7 Bc1 58. Bd4 Ba3 59. Bf6 Kc6 60.
Be5 Bd6 61. Bd4 Bc5 62. Be5 Be3 63. Bf6 Bb6 64. Be5 Bc7 65. Bd4 Bd6 66. Bb2 Kb6
67. Bc3 Kc5 68. Ba5 Be5 69. Bd2 Bb2 70. Kc2 Ba1 71. Kd3 Be5 72. Ba5 Bb8 73. Bc3
1/2-1/2

[Event "SV Bottrop 1 - SV Königsspringer Hamm "]
[Site "Verbandsliga - Gruppe 1 2018/"]
[Date "2018.10.07"]
[Round "2.3"]
[White "Dargel, Manuel"]
[Black "Nowak, Steven"]
[Result "1/2-1/2"]
[WhiteElo "2119"]
[BlackElo "1909"]
[PlyCount "106"]
[EventDate "2018.??.??"]

1. c4 Nf6 2. g3 g6 3. Bg2 Bg7 4. Nc3 O-O 5. e4 d6 6. Nge2 e5 7. O-O Nc6 8. d3
h6 9. Rb1 Be6 10. b4 Qd7 11. Nd5 Ne8 12. Be3 Ne7 13. Qd2 Kh7 14. f4 f5 15. Nxe7
Qxe7 16. exf5 Bxf5 17. Bxb7 Rd8 18. Bg2 Nf6 19. Rbe1 a6 20. h3 Qd7 21. Kh2 Rfe8
22. Nc3 exf4 23. Rxf4 c6 24. Rh4 h5 25. Ne4 Bxe4 26. dxe4 Re6 27. Bg5 Rde8 28.
Rf4 Kg8 29. Qd3 Nh7 30. h4 Nxg5 31. hxg5 Be5 32. Bh3 Bxf4 33. gxf4 Qe7 34. e5
dxe5 35. Bxe6+ Qxe6 36. Rxe5 Qf7 37. Rxe8+ Qxe8 38. c5 Qf7 39. Kg3 Qe6 40. Qd8+
Kh7 41. Qd1 Qe3+ 42. Qf3 Qe1+ 43. Kh3 Qxb4 44. Qxc6 Qxf4 45. Qd7+ Kg8 46. Qe8+
Kg7 47. Qd7+ Kg8 48. Qd5+ Kf8 49. c6 Qe3+ 50. Kg2 Qe2+ 51. Kg3 Qe3+ 52. Kg2
Qe2+ 53. Kg3 Qe3+ 1/2-1/2

[Event "SV Bottrop 1 - SV Königsspringer Hamm "]
[Site "Verbandsliga - Gruppe 1 2018/"]
[Date "2018.10.07"]
[Round "2.4"]
[White "Masberg, Stefan"]
[Black "PrueÃŸ, Wilfried"]
[Result "1/2-1/2"]
[WhiteElo "1933"]
[BlackElo "2052"]
[PlyCount "115"]
[EventDate "2018.??.??"]

1. e4 e6 2. d4 d5 3. Nc3 Nf6 4. e5 Nfd7 5. Nf3 c5 6. Be3 Nc6 7. Be2 cxd4 8.
Bxd4 Nxd4 9. Qxd4 a6 10. O-O Qb6 11. Qxb6 Nxb6 12. Bd3 Bd7 13. Ne2 Rc8 14. Rfe1
Be7 15. Ng3 O-O 16. Nd4 Nc4 17. Rab1 Rc7 18. Nf3 Rfc8 19. Nf1 f6 20. c3 f5 21.
Ne3 b5 22. Nc2 h6 23. Re2 Kf7 24. Ncd4 g5 25. Bxf5 exf5 26. e6+ Bxe6 27. Rxe6
Bf6 28. Rbe1 g4 29. b3 gxf3 30. bxc4 Bxd4 31. cxd4 Rxc4 32. gxf3 Rc1 33. Re7+
Kf6 34. R7e6+ Kg5 35. h4+ Kxh4 36. Rxh6+ Kg5 37. Rhe6 Rxe1+ 38. Rxe1 Rc4 39.
Re6 Ra4 40. Rd6 Rxa2 41. Rxd5 b4 42. Rd6 Ra5 43. Rb6 Rb5 44. Rxa6 b3 45. Ra1 b2
46. Rb1 Kf6 47. Kf1 Ke6 48. Ke2 Kd5 49. Kd3 Rb3+ 50. Kc2 Rxf3 51. Kxb2 Kxd4 52.
Rd1+ Rd3 53. Kc2 Rxd1 54. Kxd1 Kd3 55. f4 Ke3 56. Ke1 Kxf4 57. Kf2 Ke4 58. Ke2
1/2-1/2